000 00725nam a2200241Ia 4500
001 dia_4309
003 CHAP
005 20220930231430.0
008 220117s1983 xx 000 0 und d
010 _a170779
040 _cCHAP
090 _aFOLLETO 2835
100 _aGarcía Calderón, Rafael
_945799
245 _aTipos y variedades de chile en Aguascalientes /
_c Rafael García Calderón
260 _aMéxico :
_b SARH, Instituto nacional de investigaciones agrícolas,
_c1983
300 _a16 p.
500 _aD. (Folleto técnico, 5)
650 _aChile
_9147861
901 _aFOLLETO 2835
902 _aM
905 _a0000001983 mx 0000000000spa00
942 _cFOLL
_2local
999 _c170779
_d170779